[Event "POL-ch blitz"]
[Site "Suwalki"]
[Date "2022.09.24"]
[Round "7"]
[White "Jasiulewicz, Kamil"]
[Black "Kacprzak, Karol1111"]
[Result "0-1"]
[WhiteElo "1367"]
[BlackElo "2145"]
[PlyCount "51"]
[EventDate "2022.09.24"]
[EventType "swiss (blitz)"]
[EventRounds "15"]
[EventCountry "POL"]
[SourceTitle "CBM 210 Extra"]
[Source "ChessBase"]
[SourceDate "2022.11.30"]
[SourceVersion "1"]
[SourceVersionDate "2022.11.30"]
[SourceQuality "1"]

1. d4 Nf6 2. c4 Nc6 3. Nc3 e5 4. e3 exd4 5. exd4 d5 6. Nf3 Bg4 7. cxd5 Nxd5 8. Be2 Be7 9. 0-0 0-0 10. Qb3 Nb6 11. d5 Bxf3 12. Bxf3 Nd4 13. Qd1 Nxf3+ 14. Qxf3 Bf6 15. Bd2 Qd7 16. Rad1 Rad8 17. h3 Bxc3 18. Bxc3 Nxd5 19. Rd3 c6 20. Kh1 f6 21. Rfd1 Rfe8 22. Bd4 a6 23. Bb6 Rc8 24. Bc5 Qf7 25. Bd4 Re6 26. Be3 0-1

[Event "Polanica Zdroj op-F 58th"]
[Site "Polanica Zdroj"]
[Date "2022.08.16"]
[Round "4"]
[White "Boguszewski, Kacper"]
[Black "Jasiulewicz, Kamil"]
[Result "1/2-1/2"]
[WhiteElo "1134"]
[BlackElo "1331"]
[PlyCount "76"]
[EventDate "2022.08.13"]
[EventType "swiss"]
[EventRounds "9"]
[EventCountry "POL"]
[SourceTitle "CBM 210 Extra"]
[Source "ChessBase"]
[SourceDate "2022.11.30"]
[SourceVersion "1"]
[SourceVersionDate "2022.11.30"]
[SourceQuality "1"]

1. e4 c5 2. Nf3 Nc6 3. d4 cxd4 4. Nxd4 g6 5. Nc3 Bg7 6. Be3 Nf6 7. f3 0-0 8. Qd2 Nxd4 9. Bxd4 d6 10. Bc4 Qa5 11. 0-0-0 a6 12. Nd5 Qxd2+ 13. Rxd2 Nxd5 14. Bxg7 Kxg7 15. Bxd5 Rb8 16. g4 b5 17. h4 Bd7 18. b4 Rbc8 19. Kb2 Be6 20. a3 Rc7 21. h5 g5 22. Rc1 Rfc8 23. c3 h6 24. Rd4 Bxd5 25. Rxd5 Rc4 26. Rd4 Kf6 27. Rxc4 Rxc4 28. Rd1 Ke5 29. Rd5+ Ke6 30. Kb3 Kd7 31. Rf5 f6 32. a4 Kc6 33. a5 Kd7 34. Kc2 Ke6 35. Kd3 Kf7 36. Rd5 Rc6 37. Rd4 e5 38. Rd5 Ke6 1/2-1/2